[Event "67th RUS-ch Superfinal Women 2017"]
[Site "St. Petersburg"]
[Date "2017.12.10"]
[Round "7"]
[White "Nechaeva, Marina"]
[Black "Goryachkina, Aleksandra"]
[Result "0-1"]
[WhiteElo "2424"]
[BlackElo "2486"]
[Annotator "TA"]
[PlyCount "72"]
[EventDate "2017.??.??"]
[EventType "tourn"]
[EventCountry "RUS"]
[SourceTitle "playchess.com"]
[Source "ChessBase"]
[SourceQuality "1"]

{[%evp 23,72,2,3,0,0,0,0,-107,-102,-110,-13,-9,-19,-193,-218,-535,-542,-542,-429,-1408,-1398,-1401,-663,-1019,-1002,-1364,-1357,-1356,-1356,-1285,-1234,-920,-700,-862,-675,-29971,-29971,-29971,-29972,-29971,-29973,-29970,-29963,-29984,-29985,-29988,-2043,-1613,-1138,-2186,-2179]} 1. d4 d5 2. c4 c6 3. Nc3 Nf6 4. e3 e6 5. Nf3 Nbd7 6. Bd3 dxc4 7. Bxc4 b5 8. Bd3 Bd6 9. O-O O-O 10. b3 Bb7 {D47: Damengambit (Meraner Variante)} 11. Bb2 a6 (11... b4 12. Na4 c5 13. dxc5 Nxc5 14. Nxc5 Bxc5 15. Qe2 Bxf3 16. gxf3 Nd5 17. Rac1 Be7 18. Be4 {½-½ (25) Moiseenko,A (2649)-Solak,D (2633) Izmir 2016}) 12. a4 Qe7 {LiveBook: 4 Partien. Die Stellung ist ausgeglichen.} 13. Qc2 c5 $146 ({Vorgänger:} 13... h6 14. Rfd1 Rac8 15. Ne4 Bb4 16. Qe2 Nd5 17. Rac1 Rfd8 18. Bb1 bxa4 19. bxa4 {½-½ (39) Halldorsson,J (2147)-Crevatin,L (2073) Reykjavik 2017}) 14. axb5 Bxf3 15. gxf3 (15. dxc5 $1 $11 {war der einzige Weg, das Gleichgewicht zu behalten.} Bxh2+ 16. Kxh2 Nxc5 17. Kg1 (17. gxf3 Qd6+ 18. Kg2 Qxd3 $14) 17... Nxd3 18. Qxd3) 15... cxd4 $17 16. exd4 {[#]} Nd5 (16... Nh5 $1 $17 {( -> ...Dg5+)} 17. Ne4 (17. Bxh7+ Kh8 $17) 17... Nf4) 17. Nxd5 $11 exd5 18. Rfe1 $2 ({Viel schlechter ist} 18. Bxh7+ Kh8 $17) ({Vergiftet wäre} 18. Rxa6 $2 Qg5+ 19. Kh1 Rxa6 $19) (18. f4 $1 $11 {und Weiss muss sich keine Sorgen machen.}) 18... Qh4 $40 {[%mdl 128] Schwarz geht auf den König.} 19. bxa6 $2 (19. Re5 {leistet mehr Widerstand.} Rac8 20. Qd2) 19... Qxh2+ 20. Kf1 Qh3+ 21. Kg1 (21. Ke2 $142 Rfe8+ 22. Kd1 Rxe1+ 23. Kxe1 Re8+ 24. Qe2 Bb4+ 25. Kd1 Rxe2 26. Kxe2) 21... Bh2+ 22. Kh1 Bg3+ 23. Kg1 Rac8 24. Bxh7+ Kh8 25. fxg3 Rxc2 26. Bxc2 Qxg3+ 27. Kf1 Qxf3+ 28. Kg1 Rc8 29. Bd1 Qg3+ 30. Kf1 Rc6 31. Re8+ Kh7 32. Ke2 Qg2+ 33. Ke1 Qxb2 34. a7 Qxa1 (34... Rg6 $142 35. Rh8+ Kxh8 36. a8=Q+ Kh7 37. Qa6 Rg1+ 38. Qf1 Rxf1+ 39. Kxf1 Qxa1 40. Ke2 Qxd4 41. Bc2+ Kh6 42. b4 Ne5 43. Ba4 Qe4+ 44. Kf1 Nd3 45. Bd1 Qe3 46. Kg2 Qf2+ 47. Kh1 Qg3 48. Be2 Nf2#) 35. a8=Q Re6+ 36. Kd2 Qxd4+ {Precision: Weiß = 15%, Schwarz = 76%.} 0-1

[Event "67th RUS-ch Superfinal Women 2017"]
[Site "St. Petersburg"]
[Date "2017.12.10"]
[Round "7"]
[White "Kovalevskaya, Ekaterina"]
[Black "Ovod, Evgenija"]
[Result "1/2-1/2"]
[WhiteElo "2405"]
[BlackElo "2364"]
[Annotator "ChessBase"]
[PlyCount "61"]
[EventDate "2017.??.??"]
[EventType "tourn"]
[EventCountry "RUS"]
[SourceTitle "playchess.com"]
[Source "ChessBase"]
[SourceQuality "1"]
[TimeControl "40/5400+30:1800+30"]

1. c4 {[%emt 0:00:00]} e6 {[%emt 0:00:08]} 2. Nf3 {[%emt 0:00:00]} Nf6 {[%emt 0:00:06]} 3. Nc3 {[%emt 0:00:00]} d5 {[%emt 0:00:07]} 4. e3 {[%emt 0:00:05]} c5 {[%emt 0:00:48]} 5. d4 {[%emt 0:02:12]} dxc4 {[%emt 0:04:38]} 6. Bxc4 {[%emt 0:00:51]} a6 {[%emt 0:00:02]} 7. a4 {[%emt 0:06:38]} Nc6 {[%emt 0:00:14]} 8. O-O {[%emt 0:00:11]} Be7 {[%emt 0:00:34]} 9. Ne5 {[%emt 0:13:30]} cxd4 {[%emt 0:04:52]} 10. Nxc6 {[%emt 0:01:19]} bxc6 {[%emt 0:00:04]} 11. Qxd4 {[%emt 0:04:06]} Qxd4 {[%emt 0:02:13]} 12. exd4 {[%emt 0:00:02]} a5 {[%emt 0:00:04]} 13. b3 {[%emt 0:06:00]} Ba6 {[%emt 0:04:14]} 14. Bf4 {[%emt 0:13:59]} Nd5 {[%emt 0:17:16]} 15. Nxd5 {[%emt 0:10:07]} exd5 {[%emt 0:00:08]} 16. Bxa6 {[%emt 0:01:36]} Rxa6 {[%emt 0:00:03]} 17. Rfd1 {[%emt 0:00:44]} Kd7 {[%emt 0:00:56]} 18. Rd3 {[%emt 0:06:47]} h5 {[%emt 0:12:05]} 19. Kf1 {[%emt 0:00:52]} Bb4 {[%emt 0:15:41]} 20. Rg3 {[%emt 0:20:42]} g6 {[%emt 0:00:05]} 21. Rd1 {[%emt 0:00:31]} Re8 {[%emt 0:02:48]} 22. Re3 {[%emt 0:03:27]} Rxe3 {[%emt 0:02:23]} 23. Bxe3 {[%emt 0:00:11]} Bd6 {[%emt 0:02:08]} 24. h3 {[%emt 0:00:44]} f5 {[%emt 0:01:51]} 25. g3 {[%emt 0:01:40]} Ra8 {[%emt 0:02:52]} 26. Rd3 {[%emt 0:00:36]} Re8 {[%emt 0:10:42]} 27. Bd2 {[%emt 0:00:49]} Bc7 {[%emt 0:01:45]} 28. Re3 {[%emt 0:02:42]} Rb8 {[%emt 0:03:01]} 29. Rd3 {[%emt 0:01:19]} Re8 {[%emt 0:00:43]} 30. Re3 {[%emt 0:00:06]} Rb8 {[%emt 0:00:06]} 31. Rd3 {[%emt 0:00:05]} 1/2-1/2

[Event "67th RUS-ch Superfinal Women 2017"]
[Site "St. Petersburg"]
[Date "2017.12.10"]
[Round "7"]
[White "Gritsayeva, Oksana"]
[Black "Girya, Olga"]
[Result "1/2-1/2"]
[WhiteElo "2373"]
[BlackElo "2484"]
[Annotator "TA"]
[PlyCount "129"]
[EventDate "2017.??.??"]
[EventType "tourn"]
[EventCountry "RUS"]
[SourceTitle "playchess.com"]
[Source "ChessBase"]
[SourceQuality "1"]

{[%evp 10,129,14,-2,6,-5,-4,-1,-5,-41,-10,-13,-15,-92,-35,-33,-45,-68,-45,-43,-7,-35,-31,-47,0,0,0,0,0,-11,-14,-20,-16,-48,-18,-42,-48,-56,-54,-54,-45,-50,-50,-49,-41,-33,-12,-47,-50,-47,-33,-38,-31,-73,-73,-124,-124,-316,-214,-219,-85,-206,-199,-169,0,-181,-197,-215,-208,-213,-140,-179,0,0,7,8,37,37,37,37,117,43,117,117,131,15,17,15,55,54,57,56,54,22,22,12,12,6,7,0,12,12,12,8,8,8,8,8,16,12,12,12,14,8,8,0,14,3,5,4,10,0]} 1. e4 c6 2. d4 d5 3. e5 Bf5 4. Nf3 e6 5. a3 Nd7 6. Nbd2 c5 {B12: Caro-Kann: Advance Variation} (6... h5 7. Be2 h4 8. h3 Ne7 9. Nf1 Ng6 10. Ne3 Be4 11. Nd2 Bf5 12. Nxf5 exf5 13. Nf3 Nb6 14. Bd3 {1-0 (50) Fressinet,L (2625)-Bologan,V (2661) Cannes 2006}) 7. dxc5 Bxc5 8. b4 Bb6 9. c4 Ne7 (9... Nxe5 $5 10. Bb2 (10. Nxe5 Bd4 $17) 10... Nxf3+ 11. Nxf3 Nf6 $15) 10. Bb2 O-O 11. Nh4 $146 (11. Be2 $11) ({Predecessor:} 11. Nb3 dxc4 12. Bxc4 Rc8 13. Rc1 Be4 {0-1 (31) Mateus,M (2138)-Rios Parra,A (2345) Medellin 2017}) 11... Ng6 (11... Bc7 $1 $17 12. Qe2 Re8) 12. Nxf5 $15 exf5 13. Nf3 Ndxe5 14. Nxe5 Nxe5 (14... Re8 $5 {[%cal Rg6e5]} 15. Be2 Nxe5 16. Bxe5 Rxe5 $15) 15. c5 Bc7 {Hoping for ...Re8.} 16. Be2 Qg5 17. O-O {Black must now prevent f4.} Qh6 {( -> ...Nf3+!)} 18. g3 Rad8 19. Bxe5 Bxe5 20. Ra2 b6 21. Rd2 d4 22. f4 Bc7 23. Bf3 bxc5 24. bxc5 Qa6 25. Rxd4 Qxa3 26. Rd5 Qc3 27. Kg2 g6 28. Rf2 Rxd5 29. Qxd5 Rd8 $36 {[%mdl 2048] Black has the initiative.} 30. Qc6 Ba5 31. Re2 Kg7 32. Re7 (32. Qb5 $142) 32... Rd2+ $17 ({Resist} 32... Bb4 33. Rxf7+ $1 {[%mdl 512]} Kxf7 34. Qc7+ Ke6 35. Qxd8 $15) 33. Kh3 $2 (33. Re2 $17 {was called for.}) 33... Qc2 {[%csl Gc2][%cal Rd2h2]} 34. Bg2 Qd1 (34... Bd8 $19 35. Rxa7 Qc4) 35. Bf3 (35. Qf3 $17) 35... Qf1+ $19 36. Bg2 Qd1 {[%cal Rd1h5]} ({Stronger than} 36... Qg1 37. Qb7 $11) 37. Bf3 $1 {[%cal Rf3d1] [#]} Qg1 $1 {[%csl Gg1][%cal Rd2h2]} 38. Bg2 {intending Qb7.} Bd8 39. Rxa7 Qd1 {[%cal Rd1h5]} 40. Qf3 {[#]} Qxf3 $2 (40... Qc2 $1 $19 {[%cal Rc2c5]} 41. Rb7 Qxc5) 41. Bxf3 {[%mdl 4096] Endgame KRB-KRB} h5 42. Rb7 Rc2 43. c6 g5 44. fxg5 Bxg5 (44... Kg6 $1 $14) 45. Bd5 ({Better is} 45. c7 $16 {Bd5 is the strong threat.} Bf6 46. Bd1 (46. Bxh5 Bd4 $16)) 45... Kf6 (45... Be3 $14) 46. Rxf7+ $16 Ke5 47. Bf3 (47. c7 $16 Be7 48. Rxe7+ Kxd5 49. Kh4) 47... h4 $11 48. g4 fxg4+ 49. Kxg4 Bd8 50. Rd7 Rc4+ 51. Kh3 Bb6 {The position is equal.} 52. Rb7 Bd8 53. Kg2 Rc2+ 54. Kh3 Rc4 55. Rb8 Bc7 56. Rh8 Kf6 57. Rc8 Be5 58. Rf8+ Kg5 59. Rg8+ Kf6 60. Rg2 Bc7 61. Re2 Kg5 62. Rg2+ Kf6 63. Rd2 Kg5 64. Rd5+ Kf6 65. Rd2 {Precision: White = 28%, Black = 51%.} 1/2-1/2

[Event "67th RUS-ch Superfinal Women 2017"]
[Site "St. Petersburg"]
[Date "2017.12.11"]
[Round "8"]
[White "Goryachkina, Aleksandra"]
[Black "Kashlinskaya, Alina"]
[Result "0-1"]
[WhiteElo "2486"]
[BlackElo "2452"]
[Annotator "TA"]
[PlyCount "120"]
[EventDate "2017.??.??"]
[EventType "tourn"]
[EventCountry "RUS"]
[SourceTitle "playchess.com"]
[Source "ChessBase"]
[SourceQuality "1"]

{[%evp 13,120,29,26,25,15,18,20,-8,-8,-19,-14,-16,-29,-69,-35,-162,-180,-176,-130,-162,-108,-97,-112,-110,-96,-120,-77,-118,-121,-120,-120,-124,-120,-121,-116,-125,-112,-134,-133,-133,-133,-131,-125,-121,-127,-144,-155,-162,-161,-166,-161,-140,-105,-105,-105,-98,-98,-98,-100,-89,-98,-147,-144,-208,-208,-208,-208,-209,-202,-263,-259,-230,-254,-250,-244,-219,-180,-283,-250,-691,-670,-685,-677,-614,-99,-96,0,-634,-564,-593,-577,-29971,-29972,-29972,-29973,-29973,-29973,-29973,-29974,-29978,-29976,-29981,-29982,-29984,-29985,-29985,-29986,-29986,-29987]} 1. e4 e6 2. d4 d5 3. Nd2 c5 4. Ngf3 Nc6 5. exd5 exd5 6. Bb5 Qe7+ 7. Be2 Qc7 {LiveBook: 35 Games. C09: French Tarrasch: 3...c5 4 exd5 exd5 5 Ngf3 Nc6} 8. c4 (8. O-O Nf6 9. Bb5 cxd4 10. Re1+ Be7 11. Qe2 a6 12. Bxc6+ bxc6 13. Nxd4 Ra7 14. Qe5 c5 15. Nf5 Qxe5 16. Rxe5 Bxf5 17. Rxf5 {½-½ (41) Mamedov,R (2678)-Harikrishna,P (2733) Antalya 2017}) 8... Be6 9. O-O Nf6 {The position is equal.} 10. cxd5 $146 ({Predecessor:} 10. dxc5 Bxc5 11. Nb3 Be7 12. Nbd4 Nxd4 13. Nxd4 O-O 14. Nxe6 fxe6 15. cxd5 exd5 16. Be3 Bd6 17. g3 {½-½ (17) Tal,M-Bronstein,D Tbilisi 1969}) 10... Bxd5 11. Bc4 O-O-O 12. Bxd5 Rxd5 13. b4 cxd4 14. Bb2 (14. a3 $15) 14... Bxb4 $19 15. Rc1 Rhd8 16. Nb3 {[%cal Rf3d4]} Bc3 (16... d3 $19 17. a3 Bd6) 17. Bxc3 $17 dxc3 18. Qe1 Kb8 19. Qxc3 Qb6 20. Nfd2 Qb4 {Strongly threatening ...Qxc3.} 21. Qg3+ Qd6 22. Qxd6+ R8xd6 23. Nc4 Rd8 24. Ne3 Rb5 25. f3 Nd5 26. Nxd5 Rdxd5 27. Rfe1 Re5 28. Rxe5 Rxe5 {[%mdl 4096] Endgame KRN-KRN} 29. Rc2 a5 {[%cal Ba7a5,Ba5a4][%mdl 32]} 30. Kf2 Nb4 31. Rd2 a4 32. Nd4 Rd5 33. Ke3 a3 34. Nc2 Rxd2 35. Kxd2 Nxa2 36. Nxa3 {KN-KN} Kc7 37. Nc4 Nb4 38. Ne5 (38. Kc3 $17 Nc6 39. Ne3) 38... f6 $19 39. Ng4 Nd5 40. g3 Kd6 41. Kd3 Kc5 42. Nf2 b5 {[%cal Bb7b5,Bb5b4][%mdl 32]} 43. Ne4+ Kb4 $1 44. Kd4 Nc7 45. f4 (45. h4 $142) 45... Kb3 46. f5 $2 (46. Nc5+ Ka3 47. f5) 46... b4 47. Nc5+ {[#]} Ka3 $1 48. Kc4 Ne8 $2 (48... Na8 $19 {has better winning chances. And now ...Nb6+ would win.} 49. Kb5 b3) 49. Kd5 $17 Nc7+ $2 {[%mdl 8192]} ({Reject} 49... b3 $6 {[#]} 50. Nxb3 $1 {[%mdl 512]} Kxb3 51. Ke6 $11) (49... g6 $17 50. fxg6 hxg6) 50. Kc4 $19 {Now g4 and White clings on.} Na8 51. Kb5 b3 {Hoping for ...b2.} 52. Nxb3 Kxb3 {KN-K3P. Black mates.} 53. Kc6 Kc4 54. Kd6 Kd4 55. Ke6 Ke4 56. g4 Kf4 57. Kf7 Kxg4 58. Kxg7 Kxf5 59. Kxh7 Kg5 60. h4+ Kh5 {Precision: White = 47%, Black = 73%.} 0-1

[Event "67th RUS-ch Superfinal Women 2017"]
[Site "St. Petersburg"]
[Date "2017.12.11"]
[Round "8"]
[White "Girya, Olga"]
[Black "Nechaeva, Marina"]
[Result "1/2-1/2"]
[WhiteElo "2484"]
[BlackElo "2424"]
[Annotator "TA"]
[PlyCount "144"]
[EventDate "2017.??.??"]
[EventType "tourn"]
[EventCountry "RUS"]
[SourceTitle "playchess.com"]
[Source "ChessBase"]
[SourceQuality "1"]

{[%evp 9,144,0,17,12,25,23,34,34,28,31,48,39,46,45,41,49,60,62,89,67,59,1,27,14,18,16,21,19,26,33,51,34,20,21,45,13,10,14,14,14,15,13,10,12,22,0,0,0,0,0,0,0,0,0,0,0,0,0,0,0,0,0,0,0,0,0,0,0,0,-8,0,0,64,64,64,57,83,100,82,41,41,41,41,17,41,0,0,0,0,0,0,0,0,0,0,0,0,0,0,0,0,0,0,0,0,0,0,0,0,0,0,0,0,0,0,0,0,0,0,0,0,0,0,0,0,0,0,0,0,0,0,0,0,0,0,0,0]} 1. d4 d5 2. c4 c6 3. cxd5 cxd5 4. Bg5 (4. Nf3 Nf6 5. Nc3 Nc6 6. Bf4 Bf5 7. e3 e6 8. Qb3 Bb4 9. Ne5 Qb6 10. Nxc6 bxc6 11. Be2 Ne4 12. f3 Nxc3 13. bxc3 Be7 14. c4 Qxb3 15. axb3 Bb4+ 16. Kf2 a5 {1-0 (40) Li,C (2741)-Giri,A (2762) Palma de Mallorca 2017}) 4... Nc6 5. Nc3 h6 6. Bh4 {D10: Slav Defence: 3 cxd5 (without early Nf3) and 3 Nc3} Nf6 7. Bxf6 gxf6 8. e3 {White is slightly better.} e6 9. Bd3 $146 ({Predecessor:} 9. Nf3 Bd7 10. Be2 Bg7 11. O-O O-O {½-½ (27) Abasov,N (2575)-Rasulov,V (2504) Istanbul 2017}) 9... Rg8 10. g3 Bd7 11. Nf3 Rc8 12. O-O Bd6 13. e4 dxe4 $1 14. Nxe4 Be7 15. a3 ({White should play} 15. Qe2 $14) 15... Qb6 16. d5 exd5 17. Nc3 Be6 $1 (17... Qxb2 $2 18. Na4 $18) 18. Re1 Rd8 19. b4 Ne5 20. Na4 Nxf3+ $1 21. Qxf3 Qd4 22. Bf5 {[#] Hoping for Rad1.} Rg5 23. Bxe6 ({Don't go for} 23. Rad1 $2 Rxf5 24. Qxf5 Qxd1 $19) 23... fxe6 24. Rad1 Qg4 $1 {[%cal Rg4f3]} 25. Qxg4 Rxg4 26. Rxe6 Kf7 27. Re2 Rc4 28. Red2 b5 29. Nb2 Rc3 30. Rxd5 Rxd5 31. Rxd5 Rxa3 32. Rxb5 $11 {[%mdl 4096] Endgame KRB-KRN} Rb3 33. Na4 $1 Rxb4 34. Ra5 Rb7 35. Kg2 Bb4 36. Ra6 Rd7 37. Kf3 Kg6 38. h4 Rd3+ 39. Ke4 Rd7 40. g4 {[%cal Bg3g4,Bg4g5][%mdl 32]} Be1 (40... h5 $11) 41. Nc5 $14 Re7+ 42. Kf3 h5 43. g5 $1 Bc3 44. Ne4 Bd4 45. Nxf6 Rf7 46. Ke4 Bxf6 $11 {KRB-KR} 47. f4 ({Avoid the trap} 47. Rxf6+ $2 Rxf6 48. gxf6 Kxf6 $19) 47... Re7+ {The position is equal.} 48. Kf3 Rf7 49. Kg3 ({But not} 49. Rxf6+ $2 Rxf6 50. gxf6 Kxf6 $19) 49... Kf5 {[#] White must now prevent ...Bc3.} 50. Ra5+ Kg6 $1 51. Ra6 (51. f5+ {is interesting.} Kg7 52. gxf6+ Kxf6 53. Kf4 Rb7 54. Ra6+) 51... Kf5 {Threatens to win with ...Bc3.} 52. gxf6 Rxf6 53. Rxa7 {KR-KR} (53. Ra5+ {looks sharper.} Kg6 54. Kf3 Rf5 55. Ra6+ Rf6 56. Ra1) 53... Rb6 54. Ra5+ Kg6 $1 55. Kf3 Rb3+ 56. Ke4 Rh3 57. f5+ Kg7 58. Ra7+ Kf6 59. Ra6+ Kf7 60. Ke5 Rxh4 61. Ra7+ Kg8 62. Kf6 Rg4 63. Ra8+ Kh7 64. Ra7+ Kg8 65. Ra8+ Kh7 66. Ke6 Rb4 67. Ra7+ Kg8 68. Ra8+ Kh7 69. Rd8 Rb6+ 70. Ke7 Kg7 71. Rd1 Rb7+ 72. Ke6 Rb6+ {Precision: White = 65%, Black = 79%.} 1/2-1/2

[Event "67th RUS-ch Superfinal Women 2017"]
[Site "St. Petersburg"]
[Date "2017.12.11"]
[Round "8"]
[White "Pogonina, Natalija"]
[Black "Ovod, Evgenija"]
[Result "1-0"]
[WhiteElo "2469"]
[BlackElo "2364"]
[Annotator "TA"]
[PlyCount "73"]
[EventDate "2017.??.??"]
[EventType "tourn"]
[EventCountry "RUS"]
[SourceTitle "playchess.com"]
[Source "ChessBase"]
[SourceQuality "1"]

{[%evp 23,73,0,0,0,10,0,16,0,0,-38,0,0,0,-20,-12,-11,-11,-18,-14,-17,-22,-16,-16,-22,0,0,103,100,88,97,96,90,238,148,178,158,613,609,591,581,908,907,1151,1100,6279,678,1081,1036,29991,29978,29993,29990]} 1. d4 e6 2. c4 f5 3. g3 Nf6 4. Bg2 d5 5. Nf3 c6 6. O-O Bd6 7. b3 Qe7 8. a4 a5 9. Ba3 b6 10. Bxd6 {A90: Dutch Defence: Miscellaneous and Modern Stonewall (with ...Bd6)} Qxd6 11. Nbd2 O-O 12. Qc2 (12. e3 Nbd7 13. Qc2 Ba6 14. Rfc1 Rac8 15. Qb2 c5 16. Ne5 Ne4 17. Ndf3 cxd4 18. exd4 {½-½ (55) Cheparinov,I (2689)-Agdestein,S (2602) Doha 2016}) 12... Na6 {LiveBook: 3 Games} 13. Rfc1 $146 ({Predecessor:} 13. Ne5 Bb7 14. Qb2 Rab8 {1-0 (46) Tan,Z (2512)-Saduakassova,D (2401) Al Ain 2015}) 13... Bb7 14. Ne5 Rac8 15. Ndf3 Ne4 16. Qd3 g5 17. Nd2 c5 {Hoping for ...cxd4.} 18. cxd5 exd5 19. Nxe4 dxe4 20. Qc4+ Kg7 21. Qb5 {Nc4 is the strong threat.} Rf6 22. Nc4 Qd8 23. Nxa5 $1 bxa5 24. Qxb7+ Rc7 (24... Kh6 $11 {keeps the balance.}) 25. Qb5 $36 {[%cal Rd4c5][%mdl 2048] White is on the roll.} cxd4 {[#]} 26. Rxc7+ $1 Qxc7 27. Rd1 Nc5 (27... Qb6 $16) 28. Rxd4 {Threatens to win with Rd5.} Rb6 29. Qc4 {Black must now prevent Rd5.} ({Weaker is} 29. Qxa5 Nxb3 30. Rd7+ Qxd7 $11) 29... Qe7 $2 (29... Rb7 $16) 30. Rd5 $18 Nxb3 31. Rxf5 Rb4 32. Qd5 h6 33. Re5 Qc7 34. Bxe4 (34. Re8 $142 Nc5 35. Qg8+ Kf6 36. Qf8+ Kg6 37. Bh3 Rb1+ 38. Kg2) 34... Nd2 {[#] ( -> ...Qc1+)} 35. Bc2 Rxa4 36. Kg2 Nc4 37. Re6 {Precision: White = 65%, Black = 26%.} 1-0

[Event "67th RUS-ch Superfinal Women 2017"]
[Site "St. Petersburg"]
[Date "2017.12.11"]
[Round "8"]
[White "Galliamova, Alisa"]
[Black "Gunina, Valentina"]
[Result "1/2-1/2"]
[WhiteElo "2443"]
[BlackElo "2510"]
[Annotator "TA"]
[PlyCount "64"]
[EventDate "2017.??.??"]
[EventType "tourn"]
[EventCountry "RUS"]
[SourceTitle "playchess.com"]
[Source "ChessBase"]
[SourceQuality "1"]

{[%evp 16,64,31,25,64,60,62,69,76,66,76,59,48,65,77,66,195,192,294,317,290,193,193,200,200,178,172,183,178,221,216,196,192,0,0,0,0,0,0,0,0,0,0,0,0,0,0,0,0,0,0]} 1. Nf3 Nf6 2. c4 e6 3. g3 d5 4. Bg2 Bd6 5. O-O O-O 6. d4 c6 7. Qc2 Nbd7 8. Nbd2 Re8 9. Rd1 h6 {E01: Catalan: Early deviations} (9... Qe7 10. e4 Nxe4 11. Nxe4 dxe4 12. Qxe4 e5 13. Bg5 Qf8 14. dxe5 Nxe5 15. Nxe5 Rxe5 16. Qd4 Rxg5 17. Qxd6 Qxd6 18. Rxd6 Be6 19. Rc1 Rc5 20. b3 Kf8 21. f4 {½-½ (48) Dubov,D (2660)-Smirnov,P (2595) Khanty-Mansiysk 2016}) 10. e4 e5 $146 ({Predecessor:} 10... dxe4 11. Nxe4 Nxe4 12. Qxe4 Qe7 13. Bf4 Nf6 14. Bxd6 Nxe4 15. Bxe7 Rxe7 16. Ne5 Nd6 17. a4 {1-0 (29) Ortega,L (2456)-Bensdorp,M (2284) Cannes 2008}) 11. exd5 cxd5 {White is slightly better.} 12. cxd5 e4 13. Nh4 $1 {[%cal Rd2e4,Bf3h4,Bh4f3,Bf3e5][%mdl 32]} Nb6 14. Nxe4 Bg4 15. f3 {[%cal Bf2f3,Bf3g4][%mdl 32]} Nxe4 (15... Bc8 $1 $14) 16. fxg4 $18 Bxg3 (16... Rc8 {is a better defense.} 17. Qd3 Nf6) 17. hxg3 ({Stronger than} 17. Bxe4 Bxh4 18. Bh7+ Kh8 $15) 17... Nxg3 18. Nf3 Ne2+ 19. Kf2 $1 Rc8 20. Qb3 Qd6 {[#]} 21. Ne5 $1 Nxd4 22. Rxd4 Qxe5 23. Re4 Qf6+ {[#]} 24. Kg3 $2 (24. Qf3 $1 $18 Rc2+ 25. Kf1) 24... Rxe4 $11 {The position is equal.} 25. Bxe4 {aiming for Qf3.} Qf1 26. Qe3 Re8 27. Bh7+ Kxh7 28. Qxe8 {Qe4+ is the strong threat.} Qg1+ 29. Kh3 {Black must now prevent Qe4+.} Qh1+ 30. Kg3 Qg1+ 31. Kh3 {And now Qe4+ would win.} Qh1+ 32. Kg3 {Hoping for Qe3.} Qg1+ {Precision: White = 93%, Black = 44%.} 1/2-1/2

[Event "67th RUS-ch Superfinal Women 2017"]
[Site "St. Petersburg"]
[Date "2017.12.11"]
[Round "8"]
[White "Bodnaruk, Anastasia"]
[Black "Gritsayeva, Oksana"]
[Result "1/2-1/2"]
[WhiteElo "2428"]
[BlackElo "2373"]
[Annotator "TA"]
[PlyCount "82"]
[EventDate "2017.??.??"]
[EventType "tourn"]
[EventCountry "RUS"]
[SourceTitle "playchess.com"]
[Source "ChessBase"]
[SourceQuality "1"]

{[%evp 18,82,0,-68,56,57,124,124,122,107,168,172,260,268,253,250,265,247,344,329,355,354,337,241,337,359,768,761,677,229,213,125,148,26,35,52,466,273,274,269,255,267,254,264,545,-66,-66,-237,-104,-64,0,0,0,0,0,0,0,0,0,0,0,0,0,0,0,0,0]} 1. e4 d6 2. d4 Nf6 3. Nc3 e5 4. Nf3 exd4 5. Nxd4 Be7 6. g3 d5 7. e5 Ng4 {C41: Philidor Defence} 8. Bf4 (8. Bg2 O-O 9. h3 Nxe5 10. Nxd5 Bc5 11. Nb3 Bd6 12. O-O c6 13. Nc3 Na6 14. Bf4 Nc4 15. Bxd6 Nxd6 {½-½ (41) Khairullin,I (2658)-Grischuk,A (2779) Khanty-Mansiysk 2013}) 8... g5 9. e6 h5 10. h3 {LiveBook: 5 Games} (10. exf7+ $11 Kxf7 11. Bc1 (11. Be3 c5 $17)) 10... gxf4 $146 (10... Nxf2 $1 $15 11. exf7+ (11. Kxf2 gxf4 12. exf7+ Kxf7 $11) 11... Kf8 12. Kxf2 gxf4) ({Predecessor:} 10... Nxf2 11. Qf3 gxf4 12. Qxf2 Bxe6 13. O-O-O fxg3 14. Qxg3 Qd6 15. Qg7 {0-1 (37) Fercec,N (2474)-Sermek,D (2547) Rabac 2004}) 11. hxg4 $14 c5 (11... Bxe6 $14 12. Nxe6 (12. gxh5 fxg3 13. fxg3 Qd6 $11) (12. Rxh5 Rxh5 13. gxh5 fxg3 $11) 12... fxe6) 12. exf7+ $16 (12. gxh5 cxd4 13. exf7+ Kxf7 $11) 12... Kxf7 13. Nf5 Bf6 (13... Nc6 $16) 14. Bg2 $1 $18 (14. gxf4 $6 Bxf5 15. gxf5 Bxc3+ 16. bxc3 Qe7+ 17. Qe2 Nd7 $16) 14... Bxc3+ (14... Nc6 $142) 15. bxc3 Bxf5 16. gxf5 Nc6 17. Rxh5 Kf6 {aiming for ...Qe8+.} 18. Rxh8 Qe7+ 19. Kf1 $1 {Rh6+ would kill now.} Rxh8 20. Qxd5 {Strongly threatening Re1.} (20. Bxd5 fxg3 21. Qg4 (21. fxg3 Qe5 $16) 21... Qh7 $16) 20... Rd8 21. Qf3 Qe5 $2 (21... Qd7 22. Qxf4 Qxf5 23. Qh4+ Qg5) 22. g4 Re8 23. Rd1 $2 (23. Qh3 Kf7 24. Rb1) 23... Kg5 24. Kg1 (24. Rb1 $18) 24... Qf6 25. Rd7 ({Better is} 25. Bf1 $16) 25... Re1+ $11 26. Bf1 Qh8 $2 {[%mdl 8192]} (26... Ne5 $14 27. Qh3 Qh6 28. Qxh6+ Kxh6 29. Rd6+ (29. Rxb7 Nf3+ 30. Kh1 Nh4 $11) 29... Kg5) 27. f6 (27. Qd5 $142 {And now f6+! would win.} Ne7 28. Qd2) 27... Ne5 $18 28. Qd5 $1 Qxf6 {[#]} 29. Qg8+ $1 (29. Rxb7 Kxg4 30. Rg7+ (30. Rxa7 Nf3+ 31. Kg2 Nh4+ 32. Kg1 Nf3+ 33. Kg2 Nh4+ 34. Kg1 Nf3+ $11) 30... Kf5 $11) 29... Ng6 30. Qh7 {[%csl Gg4][%cal Rh7h5]} Kxg4 $2 {[#]} (30... Qe6 {is a better defense.} 31. Qh5+ Kf6 32. g5+ (32. Rxb7 Rxf1+ 33. Kxf1 Qa6+ 34. Ke1 Qxb7 $17) 32... Ke5) 31. Rg7 $2 (31. Qh6 $1 $18) 31... Kg5 $15 32. Rg8 $2 (32. Rxb7 $15 Qa6 33. c4) 32... f3 (32... Qe6 $19 {and Black stays clearly on top.} 33. Kg2 c4) 33. Qd7 ({But not} 33. Qxb7 $2 Qe6 $19) 33... Qf5 (33... Qf4 $15 34. Qh3 Kf6) 34. Qd2+ $11 {The position is equal.} Kh5 {( -> ...Rxf1+!)} 35. Qxe1 Qg4+ 36. Kh1 Qh4+ 37. Kg1 Qg4+ 38. Kh1 Qh4+ 39. Kg1 Qg4+ 40. Kh2 Qf4+ 41. Kg1 Qg4+ {Precision: White = 37%, Black = 20%.} 1/2-1/2